| 000 | 00960nam a2200241 i 4500 | ||
|---|---|---|---|
| 001 | 88048 | ||
| 003 | ES-MaACL | ||
| 005 | 20250721134710.0 | ||
| 007 | t| | ||
| 008 | 050103s1915 sp ||||1| spa d | ||
| 100 | 1 |
_aLabra, Rafael M. de, _d1840-1918 _969273 |
|
| 245 | 1 | 3 |
_aLa política colonial y la Revolución española de 1868 : _bdiscurso pronunciado en el Congreso de los Diputados españoles el 10 de julio de 1871 / _cpor Rafael M. de Labra. |
| 260 |
_aMadrid : _b[s.n., _c1915] ( _fTip. "Sindicato de Publicidad") |
||
| 300 |
_a207 p. ; _c22 cm. |
||
| 490 | 1 | _aEstudios de historia política contemporánea | |
| 500 | _aApéndice: p. 198-201. | ||
| 651 | 4 |
_aEspaña- _xColonias- _yS.XIX _98176 |
|
| 651 | 4 |
_aEspaña- _xHistoria- _y1868, Revolución. _9149661 |
|
| 710 | 1 |
_aEspaña. _bCortes Generales. _bCongreso. _93671 |
|
| 830 | 1 |
_aEstudios de historia política contemporánea _9226727 |
|
| 852 |
_aES-MaACL _jG-6232 |
||
| 999 |
_c88048 _d88048 |
||